[Event "10th dMP Batavia Blitz"]
[Site "Amsterdam NED"]
[Date "2018.02.22"]
[Round "5.3"]
[White "Fier, Alexandr"]
[Black "Kashlinskaya, Alina"]
[Result "1-0"]
[WhiteTitle "GM"]
[BlackTitle "IM"]
[WhiteElo "2544"]
[BlackElo "2459"]
[WhiteFideId "2107139"]
[BlackFideId "4198026"]
[EventDate "2018.02.22"]

1. d4 Nf6 2. Bg5 d5 3. Nd2 c5 4. dxc5 e5 5. Nb3 Bxc5 6. Nxc5 Qa5+ 7. c3 Qxc5 8.
Bxf6 gxf6 9. g3 Be6 10. Bg2 Nc6 11. Nf3 O-O 12. O-O Ne7 13. Qa4 Qc4 14. Qxc4
dxc4 15. Nd2 Bd5 16. Bxd5 Nxd5 17. Nxc4 Rfd8 18. Rfd1 Kf8 19. e4 Ne7 20. Ne3 Nc6
21. Kg2 a5 22. Kf3 a4 23. a3 Na5 24. Kg4 Nb3 25. Rab1 Nd2 26. Rbc1 Nxe4 27. Kf3
Nd2+ 28. Ke2 Nb3 29. Rb1 h5 30. Nd5 Kg7 31. Nb6 Rxd1 32. Rxd1 Ra6 33. Nc4 b5 34.
Nd6 Kg6 35. Nxb5 Rb6 36. Nd6 f5 37. Nc4 Rb5 38. Rd6+ f6 39. Ra6 Nc5 40. Rb6 Rxb6
41. Nxb6 Kg5 42. h4+ Kg4 43. Nd5 Nd7 44. Ne3+ Kh3 45. Nxf5 e4 46. Ng7 Ne5 47.
Nxh5 Nc4 48. Nxf6 Nxb2 49. h5 1-0

[Event "10th dMP Batavia Blitz"]
[Site "Amsterdam NED"]
[Date "2018.02.22"]
[Round "5.4"]
[White "Bosboom, Manuel"]
[Black "Beerdsen, Thomas"]
[Result "0-1"]
[WhiteTitle "IM"]
[BlackTitle "IM"]
[WhiteElo "2403"]
[BlackElo "2445"]
[WhiteFideId "1000080"]
[BlackFideId "1030108"]
[EventDate "2018.02.22"]

1. c4 c5 2. g3 g6 3. Bg2 Bg7 4. Nc3 Nc6 5. b3 Nf6 6. Bxc6 bxc6 7. Qc2 d5 8. d3
h5 9. Ba3 Qa5 10. Bb2 d4 11. Nf3 dxc3 12. Bxc3 Qc7 13. h3 O-O 14. Be5 Qd8 15.
Qb2 a5 16. a4 Ne8 17. O-O-O Rb8 18. g4 hxg4 19. hxg4 Bxg4 20. Ng5 f6 21. Bxb8
Qxb8 22. Ne4 f5 23. Nc3 Qb4 24. Kc2 Bxe2 25. Rde1 Bf3 26. Rhg1 Kf7 27. Re3 Bh5
28. Rge1 Bf6 29. f4 Nd6 30. Na2 Qxe1 31. Rxe1 Bxb2 32. Kxb2 Kf6 33. Nc3 Bg4 34.
Rh1 Nf7 35. Nb1 Rd8 36. Kc3 e5 37. Nd2 exf4 0-1

[Event "10th dMP Batavia Blitz"]
[Site "Amsterdam NED"]
[Date "2018.02.22"]
[Round "5.5"]
[White "Zatonskih, Anna"]
[Black "Kevlishvili, Robby"]
[Result "1-0"]
[WhiteTitle "IM"]
[BlackTitle "IM"]
[WhiteElo "2447"]
[BlackElo "2469"]
[WhiteFideId "14101572"]
[BlackFideId "1040634"]
[EventDate "2018.02.22"]

1. e4 Nc6 2. Nf3 d6 3. Nc3 g6 4. d4 Bg7 5. Be3 Nf6 6. Qd2 O-O 7. Bh6 Bg4 8. Bxg7
Kxg7 9. O-O-O e5 10. dxe5 Nxe5 11. Qe3 Qe7 12. h3 Bxf3 13. gxf3 Rfe8 14. f4 Nc6
15. f3 a6 16. Rg1 b5 17. f5 b4 18. Nd5 Qe5 19. Nxc7 Rac8 20. Nxe8+ Rxe8 21. fxg6
hxg6 22. Bd3 Qe6 23. Kb1 d5 24. Qc5 dxe4 25. fxe4 Ne5 26. Qxb4 Nfd7 27. Qd4 Rb8
28. b3 a5 29. Bc4 Qe7 30. Rdf1 Rb4 31. Qc3 f6 32. Bd5 Nb6 33. h4 Na4 34. Qd2 Qc5
35. Rg3 Nb6 36. Qf2 Qd6 37. h5 g5 38. Qf5 Nxd5 39. exd5 Rh4 40. Rxg5+ fxg5 41.
Qxg5+ Ng6 42. hxg6 Rh8 43. Rf7+ Kg8 44. Qf5 Rh1+ 45. Kb2 Qc5 46. Qf6 1-0

[Event "10th dMP Batavia Blitz"]
[Site "Amsterdam NED"]
[Date "2018.02.22"]
[Round "6.1"]
[White "Sokolov, Ivan"]
[Black "Kevlishvili, Robby"]
[Result "1-0"]
[WhiteTitle "GM"]
[BlackTitle "IM"]
[WhiteElo "2567"]
[BlackElo "2469"]
[WhiteFideId "14400030"]
[BlackFideId "1040634"]
[EventDate "2018.02.22"]

1. d4 Nf6 2. Nf3 g6 3. c4 Bg7 4. Nc3 O-O 5. e4 d6 6. h3 e5 7. d5 a5 8. Bg5 Na6
9. Nd2 Qe8 10. Be2 h6 11. Be3 c6 12. O-O c5 13. Nb5 Qe7 14. f4 exf4 15. Bxf4 Ne8
16. Bd3 Nac7 17. Nc3 Nf6 18. Nf3 Nd7 19. Qd2 h5 20. Rf2 Ne5 21. Raf1 Bd7 22.
Nxe5 Bxe5 23. Kh1 f6 24. Ne2 b5 25. b3 b4 26. Rf3 a4 27. Bxe5 fxe5 28. Qh6 Qg7
29. Qg5 axb3 30. Rxf8+ Rxf8 31. Rxf8+ Kxf8 32. Qd8+ Ne8 33. axb3 g5 34. Ng3 g4
35. Nxh5 Qf7 36. hxg4 Bxg4 37. Ng3 Qh7+ 38. Kg1 Qh6 39. Nf1 Bd1 40. Qd7 Bxb3 41.
Qf5+ Qf6 42. Qh3 1-0

[Event "10th dMP Batavia Blitz"]
[Site "Amsterdam NED"]
[Date "2018.02.22"]
[Round "6.2"]
[White "Beerdsen, Thomas"]
[Black "Zatonskih, Anna"]
[Result "1-0"]
[WhiteTitle "IM"]
[BlackTitle "IM"]
[WhiteElo "2445"]
[BlackElo "2447"]
[WhiteFideId "1030108"]
[BlackFideId "14101572"]
[EventDate "2018.02.22"]

1. e4 d5 2. exd5 Qxd5 3. Nf3 Nf6 4. Be2 c5 5. O-O Nc6 6. Nc3 Qd8 7. b3 e6 8. Bb2
Be7 9. Bb5 Bd7 10. Re1 O-O 11. Bxc6 Bxc6 12. Ne5 Rc8 13. d3 b6 14. Nxc6 Rxc6 15.
Qf3 Rc8 16. Re2 Qd4 17. Rae1 Rfd8 18. Ba1 Qd7 19. Ne4 Nxe4 20. Rxe4 Bf8 21. Rh4
f5 22. Qe2 Re8 23. Qh5 g6 24. Qxg6+ hxg6 25. Rh8+ Kf7 26. Rh7+ Kg8 27. Rxd7 a5
28. Re3 Rc6 29. Rh3 Re7 30. Rh8+ Kf7 31. Rd8 Re8 32. Rxe8 Kxe8 33. Bg7 1-0

[Event "10th dMP Batavia Blitz"]
[Site "Amsterdam NED"]
[Date "2018.02.22"]
[Round "6.3"]
[White "Kashlinskaya, Alina"]
[Black "Bosboom, Manuel"]
[Result "0-1"]
[WhiteTitle "IM"]
[BlackTitle "IM"]
[WhiteElo "2459"]
[BlackElo "2403"]
[WhiteFideId "4198026"]
[BlackFideId "1000080"]
[EventDate "2018.02.22"]

1. d4 Nf6 2. c4 g6 3. Nc3 Bg7 4. e4 d6 5. f4 O-O 6. Nf3 Na6 7. Bd3 c5 8. d5 Nb4
9. Be2 b5 10. a3 bxc4 11. axb4 cxb4 12. Na4 Nxe4 13. Bxc4 Bd7 14. O-O Bxa4 15.
Qe2 Qb6+ 16. Be3 Qa5 17. b3 Nc3 18. Qd3 Rfc8 19. bxa4 b3 20. Bxb3 Rab8 21. Bc4
Qb4 22. Ba6 Rd8 23. Bd4 Bxd4+ 24. Qxd4 Qa5 25. Bc4 Rdc8 26. Rfc1 Nxa4 27. f5 Qb4
28. fxg6 hxg6 29. Ng5 Qc5 30. Qxc5 Nxc5 31. Be2 Rc7 32. Ne4 Rb1 33. Nxc5 Rb2 34.
Na6 Rxe2 35. Rc3 0-1

[Event "10th dMP Batavia Blitz"]
[Site "Amsterdam NED"]
[Date "2018.02.22"]
[Round "6.4"]
[White "Nijboer, Friso"]
[Black "Fier, Alexandr"]
[Result "0-1"]
[WhiteTitle "GM"]
[BlackTitle "GM"]
[WhiteElo "2510"]
[BlackElo "2544"]
[WhiteFideId "1000063"]
[BlackFideId "2107139"]
[EventDate "2018.02.22"]

1. e4 c5 2. Nf3 Nc6 3. Nc3 e6 4. d4 cxd4 5. Nxd4 Nf6 6. Ndb5 d6 7. Bf4 e5 8. Bg5
a6 9. Na3 Be6 10. Nc4 Rb8 11. Be2 b5 12. Ne3 Be7 13. Bxf6 Bxf6 14. Ncd5 Bg5 15.
c3 O-O 16. h4 Bh6 17. Bg4 a5 18. a3 b4 19. axb4 axb4 20. g3 bxc3 21. bxc3 Ne7 0-1

[Event "10th dMP Batavia Blitz"]
[Site "Amsterdam NED"]
[Date "2018.02.22"]
[Round "6.5"]
[White "Vrolijk, Liam"]
[Black "Santos Ruiz, Miguel"]
[Result "0-1"]
[WhiteTitle "FM"]
[BlackTitle "IM"]
[WhiteElo "2427"]
[BlackElo "2505"]
[WhiteFideId "1048333"]
[BlackFideId "22291482"]
[EventDate "2018.02.22"]

1. e4 c5 2. Nf3 d6 3. d4 cxd4 4. Nxd4 Nf6 5. Nc3 a6 6. Be2 e6 7. Be3 Qc7 8. g4
d5 9. exd5 Bb4 10. Qd3 Nxd5 11. Bd2 Nxc3 12. Bxc3 Bxc3+ 13. bxc3 Nd7 14. O-O O-O
15. f4 e5 16. Nf5 exf4 17. Qd4 Ne5 18. Rxf4 Rd8 19. Qf2 Bxf5 20. Rxf5 Qxc3 21.
Rf1 Rac8 22. Qg3 Qxg3+ 23. hxg3 f6 24. g5 Rxc2 25. Bd1 Rc3 26. gxf6 gxf6 27.
Rxf6 Rxg3+ 28. Kh2 Rg6 29. Bb3+ Kg7 30. R6f5 Rd2+ 31. Kh1 Rd4 32. R5f4 Rxf4 33.
Rxf4 b6 34. Rf5 Nd3 35. Rf7+ Kh6 36. Bc2 Rd6 37. Bxd3 Rxd3 38. Rf6+ Kg5 39. Rxb6
Ra3 40. Rb2 Kf4 41. Kg2 Ke3 42. Rb7 Rxa2+ 43. Kg3 h5 44. Rh7 Ra5 45. Re7+ Kd3
46. Rd7+ Kc3 47. Rc7+ Kb3 48. Rb7+ Ka3 49. Rb6 Ra4 50. Kh3 a5 51. Rb5 h4 52. Rh5
Ka2 53. Rb5 Ka1 54. Rc5 Ka2 55. Rb5 Ka3 56. Rh5 Kb3 57. Rg5 Ra1 58. Kxh4 Rh1+ 0-1

[Event "10th dMP Batavia Blitz"]
[Site "Amsterdam NED"]
[Date "2018.02.22"]
[Round "7.1"]
[White "Santos Ruiz, Miguel"]
[Black "Sokolov, Ivan"]
[Result "0-1"]
[WhiteTitle "IM"]
[BlackTitle "GM"]
[WhiteElo "2505"]
[BlackElo "2567"]
[WhiteFideId "22291482"]
[BlackFideId "14400030"]
[EventDate "2018.02.22"]

1. e4 e5 2. Nf3 Nc6 3. Bb5 a6 4. Ba4 Nf6 5. O-O Be7 6. d3 d6 7. c3 O-O 8. Nbd2
Nd7 9. Bc2 Nb6 10. d4 Bf6 11. dxe5 Nxe5 12. Nxe5 Bxe5 13. Nf3 Bf6 14. Re1 Re8
15. Bf4 Bg4 16. h3 Bh5 17. Qd3 Bg6 18. Rad1 Re7 19. g4 Qe8 20. g5 Be5 21. Nxe5
dxe5 22. Be3 Bh5 23. Rd2 Rd7 24. Qf1 Rad8 25. Rxd7 Qxd7 26. Kg2 Qc6 27. f3 Nc4
28. Bc1 b5 29. Rd1 Rf8 30. Qd3 f6 31. Qd7 Bxf3+ 32. Kxf3 fxg5+ 33. Kg2 Qf6 34.
Qf5 Qb6 35. Qg4 Qf2+ 36. Kh1 Qxc2 37. Bxg5 h5 0-1

[Event "10th dMP Batavia Blitz"]
[Site "Amsterdam NED"]
[Date "2018.02.22"]
[Round "7.2"]
[White "Fier, Alexandr"]
[Black "Vrolijk, Liam"]
[Result "1-0"]
[WhiteTitle "GM"]
[BlackTitle "FM"]
[WhiteElo "2544"]
[BlackElo "2427"]
[WhiteFideId "2107139"]
[BlackFideId "1048333"]
[EventDate "2018.02.22"]

1. d4 Nf6 2. Bg5 d5 3. Nd2 c6 4. e3 Bf5 5. Bxf6 exf6 6. g3 Be7 7. Bg2 O-O 8. Ne2
Nd7 9. O-O Re8 10. c4 dxc4 11. Nxc4 Be6 12. Rc1 Nb6 13. b3 f5 14. Nf4 Bf8 15.
Nxe6 Rxe6 16. Ne5 g6 17. Nd3 Re8 18. Nc5 Bxc5 19. Rxc5 Nd7 20. Rc1 Nf6 21. b4
Nd5 22. Qb3 Nc7 23. a4 a6 24. Rc5 Qd6 25. Rfc1 Ne6 26. Re5 Kg7 27. Bf1 f6 28.
Ra5 Ng5 29. Bg2 Ne6 30. b5 cxb5 31. axb5 Rac8 32. Rxc8 Rxc8 33. Ra1 Rc7 34. bxa6
bxa6 35. h4 g5 36. hxg5 fxg5 37. Qb2 Kg6 38. Ra5 Ng7 39. Qa2 Ra7 40. Rc5 Qe7 41.
Rc6+ Kh5 42. Qd5 Rd7 43. Qa2 g4 44. Qxa6 Kg5 45. Bf1 Nh5 46. Re6 Qf7 47. Bc4 Qg7
48. Re5 Ra7 49. Qe6 Ra1+ 50. Kg2 Qg6 51. Qe7+ Nf6 52. Be6 1-0

[Event "10th dMP Batavia Blitz"]
[Site "Amsterdam NED"]
[Date "2018.02.22"]
[Round "7.3"]
[White "Bosboom, Manuel"]
[Black "Nijboer, Friso"]
[Result "0-1"]
[WhiteTitle "IM"]
[BlackTitle "GM"]
[WhiteElo "2403"]
[BlackElo "2510"]
[WhiteFideId "1000080"]
[BlackFideId "1000063"]
[EventDate "2018.02.22"]

1. Nf3 f5 2. d4 Nf6 3. h3 d6 4. b3 g6 5. Bb2 Bg7 6. Nbd2 c6 7. c4 a5 8. a3 O-O
9. Qc2 Na6 10. e3 Rb8 11. Bd3 b5 12. Rc1 Bd7 13. g4 e6 14. gxf5 exf5 15. h4 Re8
16. Kf1 Rc8 17. h5 Nxh5 18. Rxh5 gxh5 19. Bxf5 Bxf5 20. Qxf5 Rf8 21. Qxh5 Qe8
22. Qg4 b4 23. a4 Nc7 24. Ke2 Qe6 25. Qh4 Qf6 26. Qh3 Qf5 27. Qg3 Qg6 28. Qh2
Rf7 29. Rg1 Qc2 30. Ng5 Rcf8 31. Qxh7+ Qxh7 32. Nxh7 Kxh7 33. f4 d5 34. Nf3 Bf6 0-1

[Event "10th dMP Batavia Blitz"]
[Site "Amsterdam NED"]
[Date "2018.02.22"]
[Round "7.4"]
[White "Zatonskih, Anna"]
[Black "Kashlinskaya, Alina"]
[Result "0-1"]
[WhiteTitle "IM"]
[BlackTitle "IM"]
[WhiteElo "2447"]
[BlackElo "2459"]
[WhiteFideId "14101572"]
[BlackFideId "4198026"]
[EventDate "2018.02.22"]

1. e4 e6 2. d4 d5 3. Nd2 c5 4. exd5 exd5 5. Ngf3 Nc6 6. Bb5 Qe7+ 7. Be2 Qc7 8.
O-O Nf6 9. Re1 Be6 10. Bf1 h6 11. dxc5 Bxc5 12. Nb3 Bb6 13. Be3 O-O 14. c3 Ne4
15. Nfd4 Rae8 16. f3 Nf6 17. Kh1 Bc8 18. Qd2 Ne5 19. Bf4 Nh5 20. Bb5 Re7 21.
Rad1 a6 22. Bf1 Rfe8 23. Bxe5 Rxe5 24. Rxe5 Qxe5 25. Nc2 Ng3+ 0-1

[Event "10th dMP Batavia Blitz"]
[Site "Amsterdam NED"]
[Date "2018.02.22"]
[Round "7.5"]
[White "Kevlishvili, Robby"]
[Black "Beerdsen, Thomas"]
[Result "1-0"]
[WhiteTitle "IM"]
[BlackTitle "IM"]
[WhiteElo "2469"]
[BlackElo "2445"]
[WhiteFideId "1040634"]
[BlackFideId "1030108"]
[EventDate "2018.02.22"]

1. e4 c5 2. Nf3 a6 3. c4 Nc6 4. d4 cxd4 5. Nxd4 e6 6. Nxc6 bxc6 7. Nc3 Qc7 8. g3
h5 9. h4 Nf6 10. Be2 Bc5 11. Qc2 Rb8 12. b3 Bd4 13. Bb2 Qe5 14. Bd3 Ng4 15. Nd1
a5 16. f4 Qc5 17. Bxd4 Qxd4 18. Qc3 Qxc3+ 19. Nxc3 d6 20. Be2 e5 21. f5 Nf6 22.
O-O-O Ke7 23. Bf3 g6 24. fxg6 fxg6 25. Rd2 Bg4 26. Bxg4 Nxg4 27. Rhd1 Rbd8 28.
Na4 Rhf8 29. c5 dxc5 30. Rxd8 Rxd8 31. Rxd8 Kxd8 32. Nxc5 Nf2 33. Kd2 Kc7 34.
Ke2 Ng4 35. Kd3 Kb6 36. Nd7+ Kc7 37. Nc5 Kb6 38. Na4+ Kb5 39. a3 Nf2+ 40. Ke3
Ng4+ 41. Kf3 c5 42. Nb2 Nf6 43. Ke3 Ng4+ 44. Kd3 Nf2+ 45. Ke3 Ng4+ 46. Ke2 Nf6
47. Kd3 Ng4 48. Nc4 a4 49. bxa4+ Kxa4 50. Nd6 Kb3 51. a4 Nf2+ 52. Ke3 Nd1+ 53.
Kd2 Nf2 54. a5 c4 55. Nxc4 Kxc4 56. a6 Nxe4+ 57. Ke1 Nxg3 58. a7 Nf5 59. a8=Q
Kd4 60. Qa4+ Ke3 61. Qa7+ Kf4 62. Qf2+ Kg4 63. Qg2+ Kxh4 64. Qxg6 Nd4 65. Kf2
Nf5 66. Qxf5 1-0

[Event "10th dMP Batavia Blitz"]
[Site "Amsterdam NED"]
[Date "2018.02.22"]
[Round "8.1"]
[White "Sokolov, Ivan"]
[Black "Beerdsen, Thomas"]
[Result "0-1"]
[WhiteTitle "GM"]
[BlackTitle "IM"]
[WhiteElo "2567"]
[BlackElo "2445"]
[WhiteFideId "14400030"]
[BlackFideId "1030108"]
[EventDate "2018.02.22"]

1. d4 Nf6 2. c4 e6 3. Nf3 b6 4. g3 Bb7 5. Bg2 Be7 6. O-O O-O 7. Nc3 Ne4 8. Bd2
f5 9. Be1 d6 10. Qc2 Nd7 11. d5 Nxc3 12. dxe6 Nc5 13. Bxc3 Nxe6 14. Ng5 Bxg2 15.
Nxe6 Qc8 16. Nxg7 Bxf1 17. Rxf1 Qd7 18. Nh5 Qe6 19. b3 Bg5 20. Bb2 Rae8 21. e3
Qg6 22. Nf4 Bxf4 23. exf4 Re6 24. Qc3 Rfe8 25. Rd1 Kf7 26. Kg2 Re2 27. b4 h5 28.
c5 bxc5 29. bxc5 h4 30. cxd6 h3+ 31. Kxh3 Qh5+ 32. Kg2 Rxf2+ 33. Kxf2 Qxh2+ 34.
Kf1 Qh1+ 35. Kf2 Qh2+ 36. Kf1 Qe2+ 37. Kg1 Qxd1+ 38. Kg2 Re2+ 0-1

[Event "10th dMP Batavia Blitz"]
[Site "Amsterdam NED"]
[Date "2018.02.22"]
[Round "8.2"]
[White "Kashlinskaya, Alina"]
[Black "Kevlishvili, Robby"]
[Result "0-1"]
[WhiteTitle "IM"]
[BlackTitle "IM"]
[WhiteElo "2459"]
[BlackElo "2469"]
[WhiteFideId "4198026"]
[BlackFideId "1040634"]
[EventDate "2018.02.22"]

1. d4 Nf6 2. c4 g6 3. Nc3 Bg7 4. e4 d6 5. f4 O-O 6. Nf3 e5 7. dxe5 dxe5 8. Qxd8
Rxd8 9. Nxe5 Re8 10. Bd3 Na6 11. O-O c6 12. Be3 Ng4 13. Nxg4 Bxg4 14. e5 f6 15.
h3 Bd7 16. Rad1 fxe5 17. Bxg6 Re7 18. Bh5 exf4 19. Bxf4 Be6 20. Bd6 Rd7 21. c5
Rad8 22. Ne4 Bd5 23. Nf6+ Bxf6 24. Rxf6 Rg7 25. Rd2 Bxa2 26. Rdf2 Rg5 27. Be7
Rxh5 28. Bxd8 Nxc5 29. Bc7 Ne4 30. Rf8+ Kg7 31. R2f4 Bd5 32. Rb8 Nc5 33. g4 Rxh3
34. Be5+ Kh6 35. Rf6+ Kg5 36. Rbf8 Nd3 37. Bh2 Re3 38. Rh8 Re1+ 39. Rf1 Re2 40.
Rf5+ Kxg4 41. Rff8 Rg2+ 42. Kh1 Nf2+ 0-1

[Event "10th dMP Batavia Blitz"]
[Site "Amsterdam NED"]
[Date "2018.02.22"]
[Round "8.3"]
[White "Nijboer, Friso"]
[Black "Zatonskih, Anna"]
[Result "1/2-1/2"]
[WhiteTitle "GM"]
[BlackTitle "IM"]
[WhiteElo "2510"]
[BlackElo "2447"]
[WhiteFideId "1000063"]
[BlackFideId "14101572"]
[EventDate "2018.02.22"]

1. e4 d5 2. exd5 Qxd5 3. Nc3 Qd6 4. d4 c6 5. g3 Nf6 6. Bg2 Bf5 7. Nf3 e6 8. O-O
Nbd7 9. a3 Qc7 10. Bf4 Bd6 11. Bxd6 Qxd6 12. Qe2 O-O 13. Rad1 h6 14. Ne5 Rad8
15. Nc4 Qc7 16. Ne3 Bg6 17. f4 Rfe8 18. Qf2 Nb6 19. f5 exf5 20. Rd2 Ne4 21. Nxe4
fxe4 22. c4 c5 23. d5 Nd7 24. d6 Qc6 25. Qf4 Ne5 26. Rd5 Nxc4 27. Rfd1 Nxe3 28.
Qxe3 b6 29. b4 cxb4 30. axb4 a5 31. b5 Qc4 32. d7 Rf8 33. Qxb6 Kh7 34. Qe3 f5
35. b6 Qb4 36. Qc5 Qb3 37. Qxa5 f4 38. gxf4 Rxf4 39. b7 Qe3+ 40. Kh1 Rg4 41.
Qxd8 Rxg2 42. Qh4 Rg1+ 43. Rxg1 Qf3+ 44. Rg2 Qf1+ 45. Rg1 Qf3+ 46. Rg2 Qf1+ 1/2-1/2

[Event "10th dMP Batavia Blitz"]
[Site "Amsterdam NED"]
[Date "2018.02.22"]
[Round "8.4"]
[White "Vrolijk, Liam"]
[Black "Bosboom, Manuel"]
[Result "1-0"]
[WhiteTitle "FM"]
[BlackTitle "IM"]
[WhiteElo "2427"]
[BlackElo "2403"]
[WhiteFideId "1048333"]
[BlackFideId "1000080"]
[EventDate "2018.02.22"]

1. Nf3 Nf6 2. g3 g6 3. b3 Bg7 4. Bb2 O-O 5. Bg2 d6 6. d4 e5 7. dxe5 Ng4 8. c4
Nd7 9. O-O dxe5 10. e3 e4 11. Nd4 Ngf6 12. Nc3 Qe7 13. Ndb5 Nc5 14. Ba3 Bg4 15.
Qc2 Bf5 16. Nd4 b6 17. Nd5 Nxd5 18. cxd5 Rfd8 19. Nc6 Qd6 20. Nxd8 Qxd8 21. Bxc5
bxc5 22. Rad1 Qe7 23. Rc1 Bf8 24. Rfd1 Re8 25. b4 cxb4 26. Qxc7 a5 27. d6 Qe5
28. d7 Qxc7 29. dxe8=Q 1-0

[Event "10th dMP Batavia Blitz"]
[Site "Amsterdam NED"]
[Date "2018.02.22"]
[Round "8.5"]
[White "Santos Ruiz, Miguel"]
[Black "Fier, Alexandr"]
[Result "1-0"]
[WhiteTitle "IM"]
[BlackTitle "GM"]
[WhiteElo "2505"]
[BlackElo "2544"]
[WhiteFideId "22291482"]
[BlackFideId "2107139"]
[EventDate "2018.02.22"]

1. e4 c5 2. Nf3 Nc6 3. d4 cxd4 4. Nxd4 Nf6 5. Nc3 e5 6. Ndb5 d6 7. Nd5 Nxd5 8.
exd5 Nb8 9. a4 Be7 10. Be2 O-O 11. O-O Nd7 12. Bd2 a6 13. Na3 f5 14. f4 exf4 15.
Bxf4 Ne5 16. Kh1 Bf6 17. c3 g5 18. Bxe5 Bxe5 19. Nc4 Bg7 20. a5 Rb8 21. Bd3 g4
22. Qd2 Be5 23. Rae1 Qf6 24. Qe3 Re8 25. g3 b5 26. Nb6 h6 27. Nxc8 Rbxc8 28.
Bxf5 Kh8 29. Bxc8 1-0

[Event "10th dMP Batavia Blitz"]
[Site "Amsterdam NED"]
[Date "2018.02.22"]
[Round "9.1"]
[White "Fier, Alexandr"]
[Black "Sokolov, Ivan"]
[Result "0-1"]
[WhiteTitle "GM"]
[BlackTitle "GM"]
[WhiteElo "2544"]
[BlackElo "2567"]
[WhiteFideId "2107139"]
[BlackFideId "14400030"]
[EventDate "2018.02.22"]

1. d4 Nf6 2. Bg5 d5 3. e3 Nbd7 4. c4 Ne4 5. Bf4 e5 6. dxe5 Bb4+ 7. Ke2 dxc4 8.
f3 Nec5 9. Kf2 b5 10. Nc3 c6 11. h4 O-O 12. a4 Bxc3 13. bxc3 Nxa4 14. Qc2 Nac5
15. Rd1 Qe8 16. Nh3 Nxe5 17. Bxe5 Qxe5 18. Ng5 Bf5 19. e4 Bg6 20. Be2 h6 21. Nh3
f5 22. Rhe1 fxe4 23. Kg1 Qg3 24. f4 e3 25. Qa2 Kh8 26. Bf3 Rad8 27. Qxa7 Rxd1
28. Rxd1 e2 29. Bxe2 Qe3+ 30. Kf1 Be4 31. Re1 Qg3 0-1

[Event "10th dMP Batavia Blitz"]
[Site "Amsterdam NED"]
[Date "2018.02.22"]
[Round "9.2"]
[White "Bosboom, Manuel"]
[Black "Santos Ruiz, Miguel"]
[Result "1-0"]
[WhiteTitle "IM"]
[BlackTitle "IM"]
[WhiteElo "2403"]
[BlackElo "2505"]
[WhiteFideId "1000080"]
[BlackFideId "22291482"]
[EventDate "2018.02.22"]

1. Nf3 d5 2. e3 Nf6 3. c4 e6 4. b3 Bd6 5. Bb2 O-O 6. Qc2 c5 7. g4 d4 8. g5 Nh5
9. Rg1 Nc6 10. a3 e5 11. d3 f5 12. Be2 Qe8 13. Nbd2 a5 14. O-O-O Bd7 15. g6 hxg6
16. Nh4 Nf6 17. Rxg6 a4 18. Rdg1 Rf7 19. R6g5 Ne7 20. f4 Nc6 21. e4 fxe4 22.
Nxe4 Nxe4 23. dxe4 exf4 24. Bh5 axb3 25. Qg2 Be5 26. Nf3 Bf6 27. Rxc5 Qxe4 28.
Bxf7+ 1-0

[Event "10th dMP Batavia Blitz"]
[Site "Amsterdam NED"]
[Date "2018.02.22"]
[Round "9.3"]
[White "Zatonskih, Anna"]
[Black "Vrolijk, Liam"]
[Result "0-1"]
[WhiteTitle "IM"]
[BlackTitle "FM"]
[WhiteElo "2447"]
[BlackElo "2427"]
[WhiteFideId "14101572"]
[BlackFideId "1048333"]
[EventDate "2018.02.22"]

1. e4 c5 2. g3 Nc6 3. Bg2 g6 4. d3 Bg7 5. f4 d6 6. Nf3 e6 7. O-O Nge7 8. c3 O-O
9. Be3 b6 10. a4 Bb7 11. Bf2 Qd7 12. Na3 Rad8 13. Re1 Rfe8 14. g4 d5 15. e5 f6
16. exf6 Bxf6 17. Nc2 d4 18. c4 Nc8 19. Bg3 Bg7 20. h3 Nd6 21. Qd2 Nf7 22. Re2
e5 23. fxe5 Ncxe5 24. Nxe5 Nxe5 25. Bxe5 Rxe5 26. Rxe5 Bxe5 27. Bxb7 Qxb7 28.
Qg2 Qd7 29. Re1 Bf6 30. b3 Kg7 31. Re2 Re8 32. Ne1 Bg5 33. Rxe8 Qxe8 34. Nf3
Qe3+ 35. Qf2 Qc1+ 36. Kg2 Be3 37. Qf1 Qc2+ 38. Kg3 g5 39. h4 h6 40. hxg5 hxg5
41. Nxg5 Bxg5 42. Qf5 Bh4+ 43. Kxh4 Qh2+ 44. Kg5 Qh6# 0-1

[Event "10th dMP Batavia Blitz"]
[Site "Amsterdam NED"]
[Date "2018.02.22"]
[Round "9.5"]
[White "Beerdsen, Thomas"]
[Black "Kashlinskaya, Alina"]
[Result "1-0"]
[WhiteTitle "IM"]
[BlackTitle "IM"]
[WhiteElo "2445"]
[BlackElo "2459"]
[WhiteFideId "1030108"]
[BlackFideId "4198026"]
[EventDate "2018.02.22"]

1. e4 e6 2. d4 d5 3. Nd2 c5 4. exd5 exd5 5. Ngf3 Nc6 6. Bb5 Qe7+ 7. Qe2 Qxe2+ 8.
Kxe2 a6 9. Bxc6+ bxc6 10. dxc5 Bxc5 11. Nb3 Bd6 12. Re1 a5 13. Be3 Ba6+ 14. Kd2
Ne7 15. Bc5 Kd7 16. Bxd6 Kxd6 17. Ng5 Raf8 18. Nxa5 c5 19. a3 h6 20. Nf3 Rb8 21.
b4 c4 22. Nd4 Ng6 23. g3 Bc8 24. c3 Bd7 25. f4 h5 26. h4 Nf8 27. Re5 Nh7 28.
Rae1 Nf6 29. Rg5 g6 30. Kc1 Ne4 31. Nxc4+ Kc7 32. Rxd5 Nxc3 33. Rc5+ Kd8 34. Nd6
Be6 35. Rxc3 Kd7 36. Nxe6 fxe6 37. Nf7 Rhc8 38. Ne5+ Kd6 39. Rd1+ Ke7 40. Rd7+
Ke8 41. Kb2 Rxc3 42. Kxc3 Ra8 43. Kb3 1-0